000 00851nam a2200253Ia 4500
003 OSt
005 20220923211250.0
006 a|||||r|||| 00| 0
007 ta
008 Pun
020 _a9788178563718 (hbk)
_c250
024 _a275,545
037 _b665, 03/06/2013, H.K. Prakashan
_cTextual
040 _aARTS
_cARTS
_bPun
041 _2Pun
_aPun
082 _aO153,3NPR:g, Q3
100 _aਪਰਮਜੀਤ ਕੌਰ
_9156278
245 0 _aਪ੍ਰੇਮ ਪ੍ਰਕਾF
_b ਕਥਾ ਦ੍ਰਿFਟੀ
260 _aਅੰਮ੍ਰਿਤਸਰ
_b ਵਾਰਿਸ Fਾਹ ਖ਼ਾਉ੍ਵਡੇFਨ
_c2013
300 _a224ਪੰ
_ccm.
650 _aਪੰਜਾਬੀ ਸਾਹਿਤ
942 _hO153,3NPR:g, Q3
_cTEXL
_2CC
999 _c297921
_d297921